000 00657nam a22001817a 4500
999 _c17493
_d17493
003 AR-CdUCM
008 190508b ||||| |||| 00| 0 spa d
040 _aMUNICIPALIDAD PROVINCIAL DEL CUSCO
_cBIBLIOTECA MUNICIPAL DEL CUSCO
082 _a901 /
_bB61
100 _aBloch, Marc
_937535
245 _aIntroducción a la historia /
260 _aMéxico :
_bFondo de cultura económica,
_c1952.
300 _a159 páginas ;
_c18 cm.
505 _aContenido :La elección del historiador -- La observación histórica -- La historia, los hombres y el tiempo -- La critica ...
650 _aHistoria.
_9136
942 _2ddc
_cLIBROS
945 _arum
_d2019-05-08